UM Logo

Product managament essentials : (Record no. 23974)

MARC details
000 -LEADER
fixed length control field 00616nam a2200169 4500
005 - DATE AND TIME OF LATEST TRANSACTION
control field 20251006095737.0
008 - FIXED-LENGTH DATA ELEMENTS--GENERAL INFORMATION
fixed length control field 251006b |||||||| |||| 00| 0 eng d
020 ## - INTERNATIONAL STANDARD BOOK NUMBER
International Standard Book Number 9786214272556
082 ## - DEWEY DECIMAL CLASSIFICATION NUMBER
Classification number DFil 658.56 Se683 2025
100 ## - MAIN ENTRY--PERSONAL NAME
Personal name Serrano, Angelita Ong Camilar.
9 (RLIN) 68485
245 ## - TITLE STATEMENT
Title Product managament essentials :
Remainder of title from concept to launch /
Statement of responsibility, etc. Angelita Ong Camilar-Serrano.
260 ## - PUBLICATION, DISTRIBUTION, ETC. (IMPRINT)
Place of publication, distribution, etc. Manila :
Name of publisher, distributor, etc. Unlimited Books Library Services & Publishing Inc.,
Date of publication, distribution, etc. ©2025.
300 ## - PHYSICAL DESCRIPTION
Extent xii, 231 pages :
Other physical details illustrations ;
Dimensions 25 cm.
500 ## - GENERAL NOTE
General note Includes references.
650 #0 - SUBJECT ADDED ENTRY--TOPICAL TERM
Topical term or geographic name as entry element Product management.
9 (RLIN) 68486
942 ## - ADDED ENTRY ELEMENTS (KOHA)
Source of classification or shelving scheme Dewey Decimal Classification
Koha item type Filipiniana
Holdings
Withdrawn status Lost status Source of classification or shelving scheme Damaged status Not for loan Collection code Home library Current library Date acquired Source of acquisition Cost, normal purchase price Total Checkouts Full call number Barcode Date last seen Copy number Price effective from Koha item type
    Dewey Decimal Classification     Filipiniana UM Digos College - LIC UM Digos College - LIC 08/11/2025 Purchased 995.00   DFil 658.56 Se683 2025 28980 10/06/2025 1 10/06/2025 Filipiniana
    Dewey Decimal Classification     Filipiniana UM Digos College - LIC UM Digos College - LIC 08/11/2025 Purchased 995.00   DFil 658.56 Se683 2025 28981 10/06/2025 2 10/06/2025 Filipiniana
    Dewey Decimal Classification     Filipiniana UM Digos College - LIC UM Digos College - LIC 08/11/2025 Purchased 1250.00   DFil 658.56 Se683 2025 28982 10/06/2025 3 10/06/2025 Filipiniana
    Dewey Decimal Classification     Filipiniana UM Digos College - LIC UM Digos College - LIC 08/11/2025 Purchased 1250.00   DFil 658.56 Se683 2025 28983 10/06/2025 4 10/06/2025 Filipiniana
    Dewey Decimal Classification     Filipiniana UM Digos College - LIC UM Digos College - LIC 08/11/2025 Purchased 1250.00   DFil 658.56 Se683 2025 29125 10/29/2025 5 10/06/2025 Filipiniana